Computer information systems development (Record no. 3389)

000 -LEADER
fixed length control field nam a22 a 4500
005 - DATE AND TIME OF LATEST TRANSACTION
control field 20170522130758.0
008 - FIXED-LENGTH DATA ELEMENTS--GENERAL INFORMATION
fixed length control field 170522s1985 xxuak | 001 | eng d
020 ## - INTERNATIONAL STANDARD BOOK NUMBER
International Standard Book Number 053810970X
040 ## - CATALOGING SOURCE
Original cataloging agency AKMAL
082 ## - DEWEY DECIMAL CLASSIFICATION NUMBER
Classification number 658.403'88 HET
090 ## - LOCALLY ASSIGNED LC-TYPE CALL NUMBER (OCLC); LOCAL CALL NUMBER (RLIN)
Classification number (OCLC) (R) ; Classification number, CALL (RLIN) (NR) 658.403'88
Local cutter number (OCLC) ; Book number/undivided call number, CALL (RLIN) HET
100 ## - MAIN ENTRY--PERSONAL NAME
Personal name Hetzel, William.
9 (RLIN) 6851
245 ## - TITLE STATEMENT
Title Computer information systems development
Remainder of title principles and case study /
Statement of responsibility, etc. William Hetzel, David R. Adams.
260 ## - PUBLICATION, DISTRIBUTION, ETC.
Place of publication, distribution, etc. Cincinnati
Name of publisher, distributor, etc. South-Western Pub. Co.
Date of publication, distribution, etc. 1985.
300 ## - PHYSICAL DESCRIPTION
Dimensions cm
650 ## - SUBJECT ADDED ENTRY--TOPICAL TERM
Topical term or geographic name entry element Information storage and retrieval systems.
9 (RLIN) 6852
700 ## - ADDED ENTRY--PERSONAL NAME
Personal name Adams, David R.
9 (RLIN) 6853
942 ## - ADDED ENTRY ELEMENTS (KOHA)
Source of classification or shelving scheme
Koha item type Book
Holdings
Withdrawn status Lost status Source of classification or shelving scheme Damaged status Not for loan Collection code Home library Current library Shelving location Date acquired Inventory number Total Checkouts Full call number Barcode Date last seen Price effective from Koha item type
          NON-FICTION AKMAL Melaka AKMAL Melaka PINJAMAN 22.05.2017 600658   658.403'88 HET 201704314 22.05.2017 22.05.2017 Book
Pusat Sumber Maklumat Dato' Haji Sarmin Md Hussin, Akademi Kastam Diraja Malaysia, Melaka
Tel: 06-2331106 | Faks: 06-2313787